Metodologías y recomendaciones para la sostenibilidad ambiental en Centros Comerciales
Salvato in:
| Autore principale: | |
|---|---|
| Natura: | Libro |
| Pubblicazione: |
[San José, Costa Rica]
2009
|
| Soggetti: | |
| Tags: |
Aggiungi Tag
Nessun Tag, puoi essere il primo ad aggiungerne!!
|
MARC
| LEADER | 00000nam a2200000Ia 4500 | ||
|---|---|---|---|
| 003 | 001296 | ||
| 005 | 20221231144052.0 | ||
| 008 | 140114s2009 cr a 000 ||s d | ||
| 040 | |c cru CEDI | ||
| 090 | |a TFG 5819 | ||
| 100 | |a Rodríguez Rodríguez, Silvia |9 3937 | ||
| 245 | |a Metodologías y recomendaciones para la sostenibilidad ambiental en Centros Comerciales | ||
| 260 | |c 2009 |b [San José, Costa Rica] | ||
| 300 | |a 1 volumen (en varias paginaciones); ilustraciones a color, planos | ||
| 500 | |a Tesis (licenciatura en ingeniería civil)--Universidad de Costa Rica. Escuela de Ingeniería Civil | ||
| 650 | |x EDIFICIOS SOSTENIBLES |x DESARROLLO SOSTENIBLE |x CONSERVACION DE LOS RECURSOS NATURALES |x EVALUACION DEL IMPACTO AMBIENTAL |x CENTROS COMERCIALES |x CONSTRUCCION |x METODOLOGIA |x ASPECTOS AMBIENTALES |x COSTA RICA |x INGENIERÍA AMBIENTAL |x CONTROL DEL RUIDO |x RESIDUOS SOLIDOS |x MANIPULACION |9 3938 | ||
| 942 | |c TFG | ||
| 999 | |c 16416 |d 16416 | ||
